Kraje z największą liczbą użytkowników Instagrama - Statystyki

Ogólne statystyki
  • Ten quiz został rozwiązany 147 razy
  • Średni wynik to 11 z 15
Statystyki odpowiedzi
Użytkownicy Kraje % Poprawnych
169M Stany Zjednoczone
99%
34M Niemcy
94%
335M Indie
90%
124M Brazylia
87%
34M Wielka Brytania
87%
55M Japonia
84%
45M Meksyk
79%
30M Włochy
77%
26M Argentyna
69%
106M Indonezja
67%
56M Turcja
67%
27M Filipiny
48%
28M Wietnam
47%
27M Bangladesz
46%
28M Pakistan
46%
Nie znaleziono quizów pasujących do podanych kryteriów
Rozkład punktacji
Procent ludzi z każdym wynikiem
Percentyl według liczby udzielonych odpowiedzi
Twoja historia wyników
Nie rozwiązałeś tego quizu